'24' Moles Quiz Stats

 Plays Quiz Updated Mar 30, 2020

Support Sporcle.
Go Orange.
Score 0/12 Timer 05:00
0 Plays Today
Season Mole % Correct
Season 1Nina Myers
91.9%
Season 1Jamey Farrell
47%
Season 8Dana Walsh
32.2%
Season 4Marianne Taylor
19.2%
Season 5Walt Cummings
17.3%
Season 5Spenser Wolff
16.5%
Season 7Erika
15.5%
Season 7Sean Hillinger
15.1%
Season 2Roger Stanton
14.8%
Season 7Brian Gedge
10.1%
Season 6Mark Bishop
9.8%
Season 7Edward Vossler
8.3%

You're not logged in!

Compare scores with friends on all Sporcle quizzes.
OR
Log In

From the Vault

The 3rd Thing You Need To Know: The 1970s

by MrWhiplash

You can just skip the first two things entirely.
Remove Ads.
Support Sporcle.
Get the best of Sporcle when you Go Orange. This ad-free experience offers more features, more stats, and more fun while also helping to support Sporcle. Thank you for becoming a member.

Show Comments

Extras

Top Quizzes Today


Score Distribution

Your Account Isn't Verified!

In order to create a playlist on Sporcle, you need to verify the email address you used during registration. Go to your Sporcle Settings to finish the process.

Report this User

Report this user for behavior that violates our Community Guidelines.

Details: